| 000 | 00510nam a2200169 4500 | ||
|---|---|---|---|
| 001 | 133151 | ||
| 003 | ES-MaACL | ||
| 007 | t| | ||
| 008 | 070214s1984 sp r ||||1| spa d | ||
| 100 | 1 |
_aRossi, Rosa. _999884 |
|
| 245 | 1 | 0 |
_aTeresa de Avila _b: biografía de una escritora / _cRosa Rossi ; traducción de Marieta Gargatagli. |
| 250 | _a1ª. ed. | ||
| 260 |
_aBarcelona : _bIcaria, _c1984. |
||
| 300 |
_a297 p. ; _c20 cm. |
||
| 700 | 1 |
_aGargatagli, Marieta. _955539 |
|
| 852 |
_aES-MaACL _jL-6256 _bR.106946 |
||
| 999 |
_c133151 _d133151 |
||